Statistiques concernant Capitales de la Mode

Cliquez ici pour prendre le quiz!

Statistiques générales

  • Ce quiz a été pris 8,588 fois
  • Le résultat moyen est 11 sur 20

Statistiques - réponses

Rang Ville % Correct
1Paris
100%
2New York
94%
3Londres
91%
5Rome
84%
8Berlin
79%
9Madrid
79%
10Tokyo
79%
6Milan
78%
4Los Angeles
74%
7Barcelone
55%
13Sydney
51%
18Rio de Janeiro
50%
19Miami
37%
15Shanghai
30%
12Hong Kong
28%
16São Paulo
27%
14Singapour
26%
17Dubaï
23%
11Florence
18%
20Dallas
13%

Distribution des résultats

Percentile par nombre de réponses

% des personnes avec chaque résultat

Votre développement - résultats

Vous n’avez pas pris ce quiz